[Event "Warsaw YMCA Winter-B 179th"]
[Site "Warsaw"]
[Date "2017.02.16"]
[Round "6"]
[White "Szukalski, Antoni"]
[Black "Kolodziejczyk, Andrzej"]
[Result "1-0"]
[WhiteElo "1741"]
[BlackElo "1812"]
[PlyCount "83"]
[EventDate "2017.01.11"]
[EventType "tourn"]
[EventRounds "11"]
[EventCountry "POL"]
[SourceTitle "EXT 2018"]
[Source "ChessBase"]
[SourceDate "2017.10.13"]
[SourceVersion "1"]
[SourceVersionDate "2017.10.13"]
[SourceQuality "1"]

1. Nf3 Nf6 2. c4 e6 3. d4 Bb4+ 4. Bd2 a5 5. Nc3 d5 6. e3 0-0 7. Bd3 c6 8. 0-0 Nbd7 9. Qc2 Re8 10. Ne5 Nf8 11. c5 Bxc3 12. bxc3 N6d7 13. f4 f6 14. Nxd7 Bxd7 15. Rab1 Qc7 16. e4 g6 17. e5 f5 18. Be1 Reb8 19. Bh4 Be8 20. Rb6 Nd7 21. Rb2 Kf7 22. g4 fxg4 23. f5 gxf5 24. Bxf5 Kg7 25. Bxe6 Bg6 26. Qc1 h5 27. Qg5 Nf8 28. Rf7+ Qxf7 29. Bxf7 Kxf7 30. Qe7+ Kg8 31. Bf6 Bf7 32. Rxb7 Rxb7 33. Qxb7 Re8 34. Qxc6 Re6 35. Qa8 Bg6 36. c6 Be8 37. Qa7 Bf7 38. Qb7 Nh7 39. Qb8+ Re8 40. c7 Nxf6 41. exf6 Rxb8 42. cxb8Q+ 1-0

[Event "Warsaw YMCA Autumn-B 175th"]
[Site "Warsaw"]
[Date "2016.09.30"]
[Round "1"]
[White "Koziol, Pawel"]
[Black "Kolodziejczyk, Andrzej"]
[Result "1-0"]
[WhiteElo "1855"]
[BlackElo "1799"]
[PlyCount "97"]
[EventDate "2016.09.22"]
[EventType "tourn"]
[EventRounds "13"]
[EventCountry "POL"]
[SourceTitle "EXT 2019"]
[Source "ChessBase"]
[SourceDate "2018.10.10"]
[SourceVersion "1"]
[SourceVersionDate "2018.10.10"]
[SourceQuality "1"]

1. Nf3 Nf6 2. g3 e6 3. Bg2 d5 4. 0-0 Be7 5. d3 c5 6. Nbd2 Nc6 7. e4 0-0 8. Re1 d4 9. a4 e5 10. Nc4 Qc7 11. Nh4 Be6 12. Nf5 Rfe8 13. f4 Bxc4 14. dxc4 Bf8 15. Bd2 g6 16. Nh4 Rad8 17. f5 Ne7 18. Rf1 Rd6 19. g4 h6 20. fxg6 fxg6 21. Ra3 Bg7 22. g5 hxg5 23. Bxg5 Nh7 24. Bd2 Rf6 25. Rg3 Ref8 26. Qg4 Qc6 27. Nf5 R8f7 28. Nxe7+ Rxe7 29. Rxf6 Qxf6 30. Qc8+ Qf8 31. Qxc5 Rf7 32. Qxf8+ Nxf8 33. c5 Rc7 34. b4 Rc6 35. Bf1 Kf7 36. Bb5 Rc7 37. Rf3+ Bf6 38. Bc4+ Ke7 39. Bd5 Nd7 40. Rh3 Nf8 41. b5 Rxc5 42. Bb4 b6 43. a5 Kd6 44. axb6 axb6 45. Ra3 Ne6 46. Bxe6 Kxe6 47. Bxc5 bxc5 48. Ra6+ Kf7 49. Rxf6+ 1-0

[Event "Warsaw YMCA Spring-B 168th"]
[Site "Warsaw"]
[Date "2016.06.22"]
[Round "13"]
[White "Kolodziejczyk, Andrzej"]
[Black "Malicka, Maria"]
[Result "1-0"]
[WhiteElo "1766"]
[BlackElo "1715"]
[PlyCount "69"]
[EventDate "2016.04.07"]
[EventType "tourn"]
[EventRounds "13"]
[EventCountry "POL"]
[SourceTitle "EXT 2019"]
[Source "ChessBase"]
[SourceDate "2018.10.10"]
[SourceVersion "1"]
[SourceVersionDate "2018.10.10"]
[SourceQuality "1"]

1. e4 e5 2. Bc4 Nc6 3. Nf3 Bc5 4. c3 Nf6 5. d3 a6 6. a4 d6 7. 0-0 0-0 8. Bg5 Be6 9. Nbd2 Ba7 10. a5 h6 11. Bh4 g5 12. Bg3 Ne7 13. Re1 Ng6 14. d4 exd4 15. Bxe6 dxc3 16. Bxf7+ Rxf7 17. bxc3 Nd7 18. Nc4 Qf6 19. Qd5 Nf4 20. Qxb7 Bxf2+ 21. Bxf2 Rb8 22. Qa7 Nxg2 23. Kxg2 Qxf3+ 24. Kg1 Rbf8 25. Bg3 Nc5 26. Ne5 dxe5 27. Qxc5 Qd3 28. Qd5 Qxc3 29. Bxe5 Qh3 30. Rf1 c6 31. Qc4 Qe3+ 32. Kh1 Qh3 33. Rf5 Qh5 34. Raf1 c5 35. Bd6 1-0

[Event "Warsaw YMCA Spring-B 168th"]
[Site "Warsaw"]
[Date "2016.04.14"]
[Round "2"]
[White "Kolodziejczyk, Andrzej"]
[Black "Chomiuk, Lukasz"]
[Result "1/2-1/2"]
[WhiteElo "1766"]
[BlackElo "1828"]
[PlyCount "46"]
[EventDate "2016.04.07"]
[EventType "tourn"]
[EventRounds "13"]
[EventCountry "POL"]
[SourceTitle "EXT 2019"]
[Source "ChessBase"]
[SourceDate "2018.10.10"]
[SourceVersion "1"]
[SourceVersionDate "2018.10.10"]
[SourceQuality "1"]

1. e4 g6 2. d4 Bg7 3. Nc3 d6 4. f4 Nc6 5. Nf3 Bg4 6. Be3 Bxf3 7. gxf3 e5 8. fxe5 dxe5 9. d5 Nd4 10. Nb5 Nxb5 11. Bxb5+ c6 12. Bc4 Ne7 13. dxc6 Nxc6 14. Qxd8+ Rxd8 15. Bb5 a6 16. Bxc6+ bxc6 17. Rd1 Ke7 18. Ke2 Ke6 19. Rd3 Rxd3 20. cxd3 Rb8 21. b3 Rb5 22. Rc1 Kd6 23. Rc4 Bf6 1/2-1/2

[Event "Warsaw YMCA Autumn-B 160th"]
[Site "Warsaw"]
[Date "2015.10.28"]
[Round "6"]
[White "Kolodziejczyk, Andrzej"]
[Black "Pajak, Jakub Lech"]
[Result "1/2-1/2"]
[WhiteElo "1776"]
[BlackElo "1812"]
[PlyCount "30"]
[EventDate "2015.09.24"]
[EventType "tourn"]
[EventRounds "13"]
[EventCountry "POL"]
[SourceTitle "EXT 2019"]
[Source "ChessBase"]
[SourceDate "2018.10.10"]
[SourceVersion "1"]
[SourceVersionDate "2018.10.10"]
[SourceQuality "1"]

1. e4 c5 2. Nf3 Nc6 3. c3 Nf6 4. e5 Nd5 5. Bc4 Nb6 6. Bb3 d6 7. exd6 Qxd6 8. d4 cxd4 9. Nxd4 Nxd4 10. Qxd4 Qxd4 11. cxd4 e6 12. Nc3 Bd7 13. 0-0 Bc6 14. Rd1 Rd8 15. Be3 Nd5 1/2-1/2

[Event "Warsaw YMCA Autumn-B 160th"]
[Site "Warsaw"]
[Date "2015.10.22"]
[Round "5"]
[White "Staniak, Mariusz"]
[Black "Kolodziejczyk, Andrzej"]
[Result "1/2-1/2"]
[WhiteElo "1795"]
[BlackElo "1776"]
[PlyCount "120"]
[EventDate "2015.09.24"]
[EventType "tourn"]
[EventRounds "13"]
[EventCountry "POL"]
[SourceTitle "EXT 2019"]
[Source "ChessBase"]
[SourceDate "2018.10.10"]
[SourceVersion "1"]
[SourceVersionDate "2018.10.10"]
[SourceQuality "1"]

1. c4 Nf6 2. Nc3 e6 3. e4 c5 4. e5 Ng8 5. Nf3 Nc6 6. d4 cxd4 7. Nxd4 Nxe5 8. Ndb5 a6 9. Nd6+ Bxd6 10. Qxd6 f6 11. Be3 Ne7 12. Bb6 Nf5 13. Qc5 d6 14. Qa5 Qe7 15. 0-0-0 0-0 16. f4 Nc6 17. Qa3 e5 18. Nd5 Qf7 19. Bd3 Nfd4 20. Qxd6 Bf5 21. Rhe1 Rae8 22. Bxf5 Nxf5 23. Qa3 exf4 24. Qc3 Rxe1 25. Rxe1 Ne5 26. Bc7 Ne3 27. Bxe5 fxe5 28. Nxe3 fxe3 29. Rxe3 Qf1+ 30. Re1 Qf4+ 31. Kb1 Qxh2 32. Qxe5 Qxe5 33. Rxe5 Rf1+ 34. Kc2 Rf2+ 35. Kc3 Rxg2 36. Re7 b6 37. Re6 Rg6 38. Re5 Kf7 39. b4 Re6 40. Rd5 h6 41. c5 bxc5 42. bxc5 g5 43. Rd4 Ke7 44. Kc4 h5 45. Kd5 g4 46. Rb4 g3 47. Rb7+ Kf6 48. Rb6 Rxb6 49. cxb6 g2 50. b7 g1Q 51. b8Q Qd1+ 52. Kc4 Qc2+ 53. Kd4 Qa4+ 54. Kc3 Qb5 55. Qf8+ Kg5 56. Qe7+ Kf4 57. Qh4+ Kf3 58. Qh3+ Kf4 59. Qh4+ Kf3 60. Qh3+ Kf4 1/2-1/2